| 000 | 00760cam a22002771 4500 | ||
|---|---|---|---|
| 001 | sa 66001680 | ||
| 003 | DLC | ||
| 005 | 20260227112223.0 | ||
| 008 | 900214s1965 ii b 000 0 sano | ||
| 010 | _asa 66001680 | ||
| 035 | _a(OCoLC)21064902 | ||
| 040 |
_aDLC _cWaU _dDLC |
||
| 042 | _apremarc | ||
| 050 | 0 | 0 |
_aPK840 _b.A59 |
| 100 | 0 | _aAppayya Dīkṣita. | |
| 245 | 1 | 0 | _aCitramīmāṃsā. |
| 260 | _c[1965] | ||
| 300 |
_a16, 344 p. _c22 cm. |
||
| 500 | _aAdded t.p.: Chitramīmāṃsā. | ||
| 500 | _aIn Sanskrit. | ||
| 504 | _aBibliographical footnotes. | ||
| 650 | 0 |
_aSanskrit language _xRhetoric. |
|
| 700 | 1 |
_aŚukla, Kālikāprasāda, _d1921- |
|
| 700 | 0 | 2 |
_aDharānanda, _dactive 19th century. _tSudhā. |
| 740 | 0 | _aChitramīmāṃsā. | |
| 999 |
_c67912 _d67912 |
||